| 000 | 00489nam a2200109Ia 4500 | ||
|---|---|---|---|
| 008 | 160909s9999 xx 000 0 und d | ||
| 100 | _aLewis, Kadar. | ||
| 245 | _a21st Century College to Career Transition: A Case Study Exploration of a Former United States Intercollegiate Division I Student-Athlete Who Participated in a Revenue Generating Sport | ||
| 260 |
_bLoyola Marymount University _c2016 |
||
| 650 | _aEDUC/SPED | ||
| 856 | _uhttp://pqdtopen.proquest.com/doc/1791522789.html?FMT=ABS | ||
| 999 |
_c305076 _d305076 |
||